000 00836nam a2200241Ia 4500
003 OSt
005 20221005113247.0
006 a|||||r|||| 00| 0
007 ta
008 221004b |||||||| |||| 00| 0 pan d
020 _c220
024 _a95407
037 _b217, 01/01/2009, H.K. Prakashan
_cTextual
040 _aCRL
_cCRL
_bpan
041 _2pan
_apan
082 _aQ8441:21:g(NR), 153P4
100 _aਜਾਗੀਰ ਸਿੰਘ
245 0 _aਕਾਵਿ ਅਤੇ ਸੰਗੀਤ
_b ਗੁਰਬਾਣੀ ਪਰਿਪੇਖ
260 _aਪਟਿਆਲਾ
_bਪੰਜਾਬੀ ਪਬਲਿਕੇਨ ਭਾਰਤ
_c2004
300 _a206ਪੰ
_ccm.
942 _hQ8441:21:g(NR), 153P4
_cTEXL
_2cc
999 _c1027579
_d1027579